Vajon helyes-e a sorrend?
Elmentve itt :
| Szerző: | |
|---|---|
| Adatforrás: | Philobibl |
| Forrásdokumentuma: | Filozófiai Értesítő 2.1956:3. p. 116-117. |
| Dokumentumtípus: | Cikk |
| Nyelv: | magyar |
| Kulcsszavak: | filozófia, marxista filozófiaoktatás |
| LEADER | 00366nab a2200121 c 4500 | ||
|---|---|---|---|
| 001 | bibPHI0037045 | ||
| 005 | 20200924123744.6 | ||
| 008 | 100309s1956 hu hun | ||
| 100 | 1 | |a Dziechiaruk, S. | |
| 245 | 1 | 0 | |a Vajon helyes-e a sorrend? |c Stanislaw Dziechiaruk |
| 695 | |a filozófia, marxista | ||
| 695 | |a filozófiaoktatás | ||
| 773 | 0 | |t Filozófiai Értesítő |g 2.1956:3. p. 116-117. | |